|
|
|
|
| LEADER |
00639cam a2200193ua 4500 |
| 008 |
090718t2008||||||||||| 00 ||||| c |
| 020 |
|
|
|a 81-7638-609-X
|
| 082 |
|
|
|a 923.2
|b RAJ/P
|
| 245 |
0 |
0 |
|a Pattam Thanuppilla: ajayyanaya jananyakan /
|
| 260 |
|
|
|a Thiruvananthapuram:
|b Kerala Bhasha Institute,
|c 2008.
|
| 300 |
|
|
|a 301p..
|
| 362 |
1 |
|
|a 2008.
|
| 365 |
|
|
|a Rs.125/-
|e pb
|
| 650 |
|
|
|a Thanuppillai, Pattm
|
| 650 |
0 |
|
|a Biography
|
| 700 |
0 |
2 |
|a Rajeev Gopalakrishnan,
|
| 942 |
|
|
|c BK
|
| 999 |
|
|
|c 21458
|d 21458
|
| 952 |
|
|
|0 0
|1 0
|4 0
|6 923_200000000000000_RAJ
|7 0
|9 22720
|a KUCL
|b KUCL
|d 2014-05-23
|l 1
|m 1
|o 923.2 RAJ/
|p 21877
|r 2018-08-09
|s 2018-05-14
|w 2014-05-23
|y BK
|